00538nam a2200193 a 450000100060000000300090000600800410001502000150005604000280007108200090009910000380010824500400014626000410018630000100022765000290023765000280026665000230029465000270031717569CO-ViMGA141112s2004 ck r 000 u spa d a9802572462 aCO-ViMGAbspacCO-ViMGA04aTRIt1 aTrivizas, Eugene; Oxenbury, Helen10aLos tres lobitos y el cochino feroz aCaracas (Venezuela), cEkare, c1998 a30.p.14aAMISTAD EN LA LITERATURA14aCERDOS EN LA LITERATURA14aCUENTOS INFANTILES14aVALOR EN LA LITERATURA